On This Day: June 15th Quiz Stats

 Plays Quiz Updated Jun 15, 2017

Support Sporcle.
Go Orange.
Score 0/7 Timer 03:00
0 Plays Today
Question Answer Wrong Answers
Charles Goodyear receives a patent for vulcanization, a process to strengthen this.
1844
Rubber
94.4%
Polyester Fabric
1.2%
Carbon Fiber
1.7%
Plastic
2.7%
This National Cemetery is established when 200 acres are officially set aside as a military cemetery by US Secretary of War Edwin M. Stanton.
1864
Arlington
92%
Akron
1.9%
Abilene
1.5%
Antioch
2.1%
Kaiser Wilhelm II, the last Emperor of the ______ Empire, is crowned.
1888
German
87.6%
French
1.3%
Dutch
5.1%
Danish
3.2%
Vatican City and this small Middle Eastern nation establish full diplomatic relations.
1994
Israel
58.3%
Iraq
2%
United Arab Emirates
23.7%
Yemen
11.9%
Ambiguity in the Oregon Treaty leads to the Northwestern Boundary Dispute between United States and British settlers. The conflict is sometimes called the ______.
1859
Pig War
49.2%
Siege of the San Juans
9%
Juan de Fuca Campaign
11.8%
Battle of the Horses
28.7%
______ earns her pilot’s license, becoming the first female pilot of African American descent.
1921
Bessie Coleman
39.9%
Harriet Quimby
19.9%
Mae C. Jemison
17.7%
Ida B. Wells
19.3%
Rapper and actor O'Shea Jackson is born. Today, he is more commonly known by what stage name?
1969
Ice Cube
39.8%
LL Cool J
23.3%
Dr. Dre
13.1%
Snoop Dogg
20.2%

You're not logged in!

Compare scores with friends on all Sporcle quizzes.
OR
Log In
Forgot?

From the Vault

Movie Kisses

by midlifecrisis

Oddly, none of these movies are even French.
Remove Ads.
Support Sporcle.
Get the best of Sporcle when you Go Orange. This ad-free experience offers more features, more stats, and more fun while also helping to support Sporcle. Thank you for becoming a member.

Show Comments

Extras

Top Quizzes Today


Score Distribution

Your Account Isn't Verified!

In order to create a playlist on Sporcle, you need to verify the email address you used during registration. Go to your Sporcle Settings to finish the process.

Report this User

Report this user for behavior that violates our Community Guidelines.

Details: